[Event "GRE-chT Online Rapid op 1st"]
[Site "Tornelo INT"]
[Date "2021.02.20"]
[Round "1.20"]
[White "Tsilimparis, Ioannis"]
[Black "Chourdakis, Aristofanis"]
[Result "1-0"]
[WhiteElo "1659"]
[BlackElo "1053"]
[PlyCount "33"]
[EventDate "2021.02.20"]
[EventType "team-swiss (rapid)"]
[EventRounds "9"]
[EventCountry "GRE"]
[SourceTitle "EXT 2023"]
[Source "ChessBase"]
[SourceDate "2022.10.05"]
[SourceVersion "1"]
[SourceVersionDate "2022.10.05"]
[SourceQuality "1"]

1. e4 c5 2. Nf3 a6 3. d4 cxd4 4. Nxd4 Nf6 5. Nc3 e5 6. Nf3 Bb4 7. Bd3 d5 8. exd5 Nxd5 9. Bd2 Nxc3 10. bxc3 Bd6 11. 0-0 0-0 12. Ng5 e4 13. Bxe4 f6 14. Bxh7+ Kh8 15. Qh5 Qe8 16. Bg6+ Kg8 17. Qh7# 1-0

[Event "GRE-chT Online Rapid op 1st"]
[Site "Tornelo INT"]
[Date "2021.02.20"]
[Round "3.5"]
[White "Tsilimparis, Ioannis"]
[Black "Papaioannou, Dimitrios1111"]
[Result "0-1"]
[WhiteElo "1659"]
[BlackElo "1924"]
[PlyCount "106"]
[EventDate "2021.02.20"]
[EventType "team-swiss (rapid)"]
[EventRounds "9"]
[EventCountry "GRE"]
[SourceTitle "EXT 2023"]
[Source "ChessBase"]
[SourceDate "2022.10.05"]
[SourceVersion "1"]
[SourceVersionDate "2022.10.05"]
[SourceQuality "1"]

1. e4 e5 2. Nf3 Nc6 3. Bb5 a6 4. Ba4 Nf6 5. 0-0 Nxe4 6. Re1 Nc5 7. Bxc6 dxc6 8. Nxe5 Be7 9. Nc3 0-0 10. d3 Re8 11. Be3 Be6 12. d4 Nd7 13. Qf3 Qc8 14. Qg3 Nf6 15. Nd3 Bd6 16. Qh4 Bf5 17. Bg5 Nd5 18. Ne4 Bf8 19. Bd2 a5 20. c4 Nb4 21. Nxb4 axb4 22. Ng3 Rxe1+ 23. Bxe1 Bg6 24. c5 Qe6 25. d5 Qxd5 26. Qxb4 b6 27. a3 Bxc5 28. Qg4 Rd8 29. h4 h5 30. Qe2 Qd4 31. Bc3 Qxh4 32. Nf1 Bd4 33. Re1 Bxc3 34. bxc3 Qf6 35. Qb2 c5 36. Ne3 Rd3 37. Rc1 Be4 38. Qe2 Bg6 39. c4 Qe5 40. Qf3 Rxa3 41. Rd1 Ra1 42. Rxa1 Qxa1+ 43. Kh2 Qe5+ 44. g3 Qe4 45. Qd1 Qd4 46. Qf3 h4 47. Nd5 hxg3+ 48. fxg3 Qe4 49. Qa3 Qxc4 50. Ne7+ Kh7 51. Qa8 Qe2+ 52. Kg1 Qxe7 53. Qh1+ Kg8 0-1